000 00335 a2200157 4500
001 56723
020 _a
040 _cAnchieta - Pituba
100 _aMott, Odette de Barros
240 1 0 _aO clube dos bacanas
_lpor
245 1 0 _aO clube dos bacanas
300 _a92
362 0 _a1987
650 4 _aLiteratura juvenil
942 _cBK
999 _c56723
_d56723